| 000 | 005170000a22001930004500 | ||
|---|---|---|---|
| 001 | 004511 | ||
| 003 | MACL | ||
| 005 | 20150725164257.0 | ||
| 008 | 150725b xxu||||| |||| 00| 0 eng d | ||
| 040 |
_aMACL _cMACL |
||
| 041 | _aEnglish | ||
| 082 | _a330/CHA | ||
| 100 |
_aChandra, Bipan _9594 |
||
| 245 |
_aThe Rise And Growth Of Economics Nationalism In India _cBipan Chandra |
||
| 260 |
_aNew Delhi _c2004 _bAnamika Publishers& Distributers, |
||
| 350 | _a650 | ||
| 650 |
_aEconomics _92413 |
||
| 942 |
_k330 _cBK _2ddc |
||
| 999 |
_c16400 _d16400 |
||